1 to 20 in french - Statistics

General Stats
  • This quiz has been taken 23 times
  • The average score is 17 of 20
Answer Stats
Answer % Correct
two deux
100%
eight huit
100%
nine neuf
100%
seven sept
100%
three trois
100%
one un
100%
five cinq
92%
ten dix
92%
four quatre
92%
twelve douze
83%
eleven onze
83%
sixteen seize
83%
six six
83%
fourteen quatorze
75%
fifteen quinze
75%
thirteen treize
75%
twenty vingt
75%
eighteen dix-huit
67%
nineteen dix-neuf
67%
seventeen dix-sept
67%
No matching quizzes found
Score Distribution
Percent of People with Each Score
Percentile by Number Answered
Your Score History
You have not taken this quiz